00788nam a22002177a 450000500170000001000150001702000270003203500130005903700130007208200120008510000270009724500750012426000300019927000690022930000250029850000520032370000250037594200260040099900190042695201250044520160614142801.0 aENG-115254 a9789384082109c1595.00 aEN-98786 bDBAD/PUB a954.021 a Z̤ia ud Dīn Barani aTarikh-i Firoz Shahi /ban English translation by Ishtiyaq Ahmad Zilli aDelhibPrimus Booksc2015 aVirat Bhawan, Mukherjee Nagar Commercial Complex bDelhie110009 axiii,396p.c24cm(Hb) a Includes bibliographical references and index. aIshtiyaq Ahmad Zilli 2ddccENmZIAh954.021 c100288d100288 001040718NFICaDBADbBNd2016-06-13eDBAD/PUBg1595.00l0o954.021 ZIApEN-98786r2016-06-13 00:00:00t1v1595.00yEN